000 00653nam a22001697a 4500
003 UA-OsUOA
001 11094
007 ta
008 20050224b un ||||| |||| 00| 0 ukr d
942 _cSA
040 _aUA-OsUOA
_cUA-OsUOA
_dUA-OsUOA
245 _aПро відновлення селу Луківці Вижницького району Чернівецької області колишнього найменування : Постанова Верховної Ради України від 20 січня 2005 року
300 _aС.13
955 _a0
773 0 _w0
_tГолос України
_dКиїв
_d2005
_gN33/22 лют/
650 7 _2UDC
999 _c297255
_d297255